000 00712nam a22001697a 4500
999 _c63087
_d63087
003 Ge_BSU
005 20250530162311.0
008 250530s2024 ge ||||| |||| 00| 0 geo d
020 _a9789941118739
041 _ageo
080 _a316.323.6 : 330.342.141: 273 : 27- 426 ვ-28
100 _aვებერი, მაქს
_925196
245 _aპროტესტანტული ეთიკა და კაპიტალისტური სულისკვეთება /
_cმაქს ვებერი; მთარგმნელი მ. ბადრიძე.
653 _aეთიკა
700 _aბადრიძე, მ.
_eმთარგმნელი
_9547
942 _2udc
_cBK